000 00344nam a22001337a 4500
020 _a81-7826-346-7
082 _a823
_bSHA/A
245 _aALL'S WELL THAT ENDS WELL
_bSHORT STORY
246 _aALL'S WELL THAT ENDS WELL
_bSHORT STORY
250 _a2003
260 _aDELHI
_bROHAN BOOK COMPANY
_c2003
520 _aCHILDRENS SHORT STORY
942 _cBK
999 _c407
_d407